| 000 | 00957nam a2200241 i 4500 | ||
|---|---|---|---|
| 001 | 173932 | ||
| 003 | ES-MaACL | ||
| 005 | 20230906215408.0 | ||
| 008 | 100129s2006 mx a |||| | spa d | ||
| 020 | _a978-968-5882-13-2 | ||
| 080 | _a537.86 | ||
| 245 | 0 | 3 |
_aEl secreto del espectro _b: historia, descripción y análisis del espectro electromagnético / _cAlberto Mariano Vázquez de la Cerda, editor. |
| 260 |
_aOaxaca : _bUniversidad Tecnológica de la Mixteca, _c[2006?] |
||
| 300 |
_a62 p. : _bil. col. y n. ; _c26 cm. |
||
| 490 | 1 |
_aCuadernos de divulgación técnica y científica ; _v1 |
|
| 504 | _aReferencias bibliográficas. | ||
| 650 | 4 |
_aOndas electromagnéticas. _9136618 |
|
| 700 | 1 |
_aVázquez de la Cerda, Alberto Mariano. _9142074 |
|
| 710 | 2 |
_aUniversidad Tecnológica de la Mixteca. _9142075 |
|
| 830 | 0 |
_aCuadernos de divulgación técnica y científica ; _v1 _9189267 |
|
| 852 | 4 |
_a BA _j2279-F-17 |
|
| 999 |
_c173932 _d173932 |
||